Word Ladder: Musical Artist Missing Word Quiz Stats

Quiz Updated Sep 4, 2016

Challenge
Share
Tweet
Embed
Score 0/36 Timer 03:00
4 Plays Today
Clue 3-Letter Word % Correct
• ___ Fighters •• FOO •
97.1%
• ___ Zeppelin •• LED •
96.9%
• ___ Jovi •• BON •
96.1%
• ___ Halen •• VAN •
94.9%
• ___ Pistols •• SEX •
93.3%
• ___ Leppard •• DEF •
91.2%
Supervillain LuthorLEX
91.1%
• ZZ ___• TOP •
90.8%
Word in many California city namesSAN
90.6%
Diesel of the moviesVIN
90%
• Pearl ___• JAM •
89.4%
Instrument for Bill ClintonSAX
89.4%
• Rapper Dr. ___• DRE •
89.2%
Morning ground coverDEW
89%
• Green ___• DAY •
88.6%
• Fall Out ___BOY
87.5%
Barrier across a riverDAM
87.4%
• Status ___• QUO •
87.2%
Clue 3-Letter Word % Correct
In the US, about 907 kilosTON
87.1%
Like some martinisDRY
86.8%
Bench for congregation membersPEW
86%
• Iggy ___• POP •
84.5%
To court or be a suitorWOO
83.8%
One who gets special treatmentVIP
81.6%
Batman and Robin, e.g.DUO
81.6%
• ___ Speedwagon •• REO •
81.5%
Play with, cat-stylePAW
77.5%
Beau for a lassLAD
77.5%
• The ___• WHO •
77.4%
A mouse rests on itPAD
75.4%
In a proper amountDUE
74.7%
One who whistles while he worksREF
74%
• ___ Division •• JOY •
73.9%
He and Silent Bob struck backJAY
73.3%
British South Park characterPIP
72.4%
Letter between pi and sigmaRHO
70.1%

Today's Daily Dose

Word Ladder
Summertime

On This Day
June 23rd II

You're not logged in!

Compare scores with friends on all Sporcle quizzes.
Join for Free
OR
Log In

You Might Also Like...

Show Comments

Extras

Top Quizzes Today


Score Distribution

Your Account Isn't Verified!

In order to create a playlist on Sporcle, you need to verify the email address you used during registration. Go to your Sporcle Settings to finish the process.

Report this User

Report this user for behavior that violates our Community Guidelines.

Details: